000 00613nam a2200181Ia 4500
008 151018s9999 xx 000 0 und d
082 _bRBASDV37045
_a891.462
100 _aबन्सिलाल हांडे
245 _aउंबराला आलं फुल
250 _b1
260 _bनिंबकर आणि मं
_c1996
300 _a72
600 _aबन्सिलाल हांडे
630 _aउंबराला आलं फुल
700 _aबन्सिलाल हांडे
730 _aउंबराला आलं फुल
942 _cBOOK
999 _c1036492
_d1036489